00368pab a2200133 454500008004000000100001800040245007000058260000900128300001300137362000800150650003300158650001700191773002600208180718b1999 xxu||||| |||| 00| 0 eng d aLoveland, Ian aIncorporating the European convention on human rights into UK law c1999 ap.113-27 aJan aHuman rights - Great Britain aHuman rights aParliamentary Affairs